| 000 | 00827nam a2200205 a 4500 | ||
|---|---|---|---|
| 003 | 0 | ||
| 005 | 20250528121057.0 | ||
| 008 | 021121s19uu xx 00 eng d | ||
| 050 |
_aPHS LC 191.8 _b.A33 2002 |
||
| 100 | _aAkbar, Bibi Aishah Ali. | ||
| 245 |
_aThe Relationship of the educational background and the present career of selected parents of Southville International School / _cBibi Aishah Ali Akbar. |
||
| 260 |
_aLas PiƱas City, Philippines : _bSouthville International School and Colleges, _c2002. |
||
| 300 |
_a66 pages : _billustrations : _c28 cm. |
||
| 504 | _aIncludes bibliographical references. | ||
| 650 |
_aEducation and employment _zPhilippines. |
||
| 650 |
_aEducation _zPhilippines _xInfluence. |
||
| 650 |
_aOccupations _zPhilippines. |
||
| 650 |
_aCareer development _zPhilippines. |
||
| 942 |
_2lcc _cPASS |
||
| 999 |
_c96673 _d96673 |
||